The Stanford Prison Experiment / (Registro nro. 323065)
[ vista simple ]
| 000 -ENCABEZADO | |
|---|---|
| Número de control [NR] | 01849nam a2200253Ia 4500 |
| 005 - FECHA Y HORA DE LA ÚLTIMA TRANSACCIÓN | |
| control field | 20230824101329.0 |
| 008 - DE LONGITUD FIJA DE DATOS DE ELEMENTOS - INFORMACIÓN GENERAL | |
| Elementos de longitud fija [NR] | 130821s1998 br g q mlpor d |
| 040 ## - FUENTE DE CATALOGACION [NR] | |
| Agencia de catalogación original [NR] | CO-BoUCM |
| Idioma de catalogación [NR] | spa |
| Quien Cataloga | David Moreno |
| Quien Clasifica | David Moreno |
| 041 ## - CODIGO DE IDIOMA [R] | |
| Código de idioma para texto/pista de sonido o título separado [R] | Inglés |
| 092 ## - SIGNATURA TOPOGRAFICA LOCAL | |
| Número de clasificación local | DVD 1647 |
| 245 00 - MENCION DE TITULO [NR] | |
| Título [NR] | The Stanford Prison Experiment / |
| Mención de responsabilidad, etc. [NR] | Kyle Patrick Alvarez (Director) |
| Medio físico [NR] | [DVD] |
| 260 ## - PUBLICACION, DISTRIBUCION, ETC. (PIE DE IMPRENTA) [R] | |
| Lugar de publicación, distribución, etc. [R] | USA |
| Nombre del editor, distribuidor, etc. [R] | IFC Independent Film |
| Fecha de publicación, distribución, etc. [R] | 2015 |
| 300 ## - DESCRIPCION FISICA [R] | |
| Extensión [R] | 1 DVD, 2 horas y 2 minutos |
| Otros detalles físicos [NR] | imagen, sonido |
| 500 ## - NOTA GENERAL [R] | |
| Nota general [NR] | SINOPSIS: ¿Qué sucede cuando un estudio psicológico universitario sale terriblemente mal? Basado en una famosa historia real, EL EXPERIMENTO DE LA PRISIÓN DE STANFORD está protagonizado por Billy Crudup (Watchmen) como el Dr. Philip Zimbardo, profesor de la Universidad de Stanford, quien, en 1971, eligió a 24 estudiantes voluntarios como prisioneros y guardias en una cárcel simulada para examinar el origen del comportamiento abusivo. en el sistema penitenciario. Los resultados sorprendieron al mundo, ya que los participantes pasaron de ser estudiantes universitarios de clase media a sádicos borrachos de poder y víctimas sumisas en tan solo unos días. EL EXPERIMENTO DE LA PRISIÓN DE STANFORD es una película escalofriante y al borde de la realidad. Thriller sentado sobre el lado oscuro del poder y los efectos del encarcelamiento. |
| 508 ## - NOTA DE CREDITOS DE CREACION/PRODUCCION [R] | |
| Nota de créditos de creación/producción [NR] | CRÉDITOS: Dirigida por: Kyle Patrick Alvarez |
| 511 1# - NOTA DE PARTICIPANTE O INTERPRETE [R] | |
| Nota de participante o intérprete [NR] | REPARTO: Ezra Miller, Billy Crudup, Kyle Patrick Alvarez, Tye Sheridan |
| 546 ## - NOTA DE IDIOMA [R] | |
| Nota de idioma [NR] | Audio en Portugués. Subtítulos en Portugués, Inglés, Español y Francés |
| 650 04 - ASIENTO SECUNDARIO DE MATERIA - TERMINO TEMATICO [R] | |
| Término temático o nombre geográfico como elemento de entrada [NR] | Entretenimiento |
| 9 (RLIN) | 26487 |
| Subdivisión de forma [R] | DVD |
| 650 04 - ASIENTO SECUNDARIO DE MATERIA - TERMINO TEMATICO [R] | |
| Término temático o nombre geográfico como elemento de entrada [NR] | Thrillers |
| Subdivisión de forma [R] | DVD |
| 9 (RLIN) | 15547 |
| 650 04 - ASIENTO SECUNDARIO DE MATERIA - TERMINO TEMATICO [R] | |
| Término temático o nombre geográfico como elemento de entrada [NR] | Efectos del encarcelamiento |
| Subdivisión de forma [R] | DVD |
| 9 (RLIN) | 20984 |
| 650 04 - ASIENTO SECUNDARIO DE MATERIA - TERMINO TEMATICO [R] | |
| Término temático o nombre geográfico como elemento de entrada [NR] | Sociología |
| 9 (RLIN) | 24766 |
| Subdivisión de forma [R] | DVD |
| 700 1# - ASIENTO SECUNDARIO - NOMBRE PERSONAL [R] | |
| Nombre personal [NR] | Patrick Alvarez, Kyle |
| Término de relación [R] | director |
| 9 (RLIN) | 59241 |
| 942 ## - ELEMENTOS DE ENTRADA AGREGADOS (KOHA) | |
| Koha item type | Multimedia |
| Source of classification or shelving scheme | LOCAL |
| Tema principal | Entretenimiento |
| Edition | 1 |
| Classification part | DVD 1647 |
| Suprimido | Perdido | Sistema de clasificación | Dañado | No prestable | Ubicación habitual | Ubicación actual | Fecha de creación | Forma de adquisición | Costo | Signatura topográfica | Código de barras | Última vez visto | Ejemplar | Costo de reposición | Price effective from | Tipo de ítem | Localización | Total préstamos | Fecha de último préstamo |
|---|---|---|---|---|---|---|---|---|---|---|---|---|---|---|---|---|---|---|---|
| LOCAL | Procesos Técnicos (no para préstamo) | Procesos Técnicos (no para préstamo) | 24/08/2023 | Compra | 126096.00 | DVD 1647 | 100171827 | 09/12/2025 | Ej.1 | 126096.00 | 24/08/2023 | Multimedia | |||||||
| LOCAL | Quinta de Mutis | Quinta de Mutis | 29/08/2023 | Donación | 26000.00 | DVD 1647 | 100171895 | 12/12/2025 | Ej. 2 | 26000.00 | 29/08/2023 | Multimedia | 2do piso | 1 | 05/09/2023 |